000 00744nam a2200217Ii 4500
003 JO-AjNU
008 230605s9999||||xx |||||||||||||| ||und||
017 _a1989/431
040 _aJO-AjNU
_bara
_erda
_cJO-AjNU
041 _aara
050 1 4 _aBP134.S6 M8364 1989
100 3 _aبقلم عبد الحميد، محسن,
_eauthor
_917848
245 0 0 _aالاسلام والتنمية الاجتماعية
250 _aط1
264 3 1 _aبغداد: دار الانبار، 1986
300 _a166ص
336 _atext
_btxt
_2rdacontent
337 _aunmediated
_bn
_2rdamedia
338 _avolume
_bnc
_2rdacarrier
650 4 _aالاسلام والتنمية الاجتماعية - الاسلام والاصلاح الاجتماعي
_917849
999 _aA5599
_c9167
_d9167